000 01638nam a2200445Ia 4500
001 dia_1577
003 CHAP
005 20240731112405.0
007 ta
008 220117s1962 -usa fr 001 0 spa d
010 _a172121
040 _cCHAP
_amxchpua
041 _aspa
_heng
050 1 0 _aSB950
_b.O72 1962
082 _a628.4
_bO72 1962
_220
110 1 _aOrganización Panamericana de la Salud
_983557
245 1 3 _aLa eliminación de basuras y control de insectos y roedores /
_cOrganización Panamericana de la Salud
250 _a1a edición
264 _aWashington, USA :
_bOrganización Panamericana de Salud,
_c1962
300 _a41 páginas :
_bilustraciones, tablas
336 _2rdacontent
_atexto
_btxt
337 _2rdamedia
_ano mediado
_bn
338 _2rdacarrier
_avolumen
_bnc
490 1 _aGuías de Adiestramiento. Saneamiento del Medio. Publicaciones científicas (OMS)
_v75
504 _aBibliografía: páginas 40-41
650 1 3 _aManejo de desechos
_2atg
_9189315
650 1 7 _aControl de plagas
_2atg
_927595
650 1 3 _aControl de roedores
_2atg
_9189318
650 1 7 _aControl de insectos
_2atg
_927592
650 1 3 _aWaste management
_2atg
_9189316
650 1 3 _aPest control
_2atg
_9189317
650 1 3 _aRodent control
_2atg
_9189319
650 1 3 _aInsect control
_2atg
_9189320
710 2 _aOrganización Mundial de la Salud (OMS)
_9188252
830 0 _aGuías de Adiestramiento. Saneamiento del Medio. Publicaciones científicas (OMS)
_9189321
_v75
901 _a628.4 O72 1962
902 _aM
905 _a0000001962 EU ILUS0010000000ESP00
942 _cLIBRO
_2ddc
999 _c172121
_d172121